|
|
|
|
| LEADER |
00000nam a2200000 a 4500 |
| 001 |
vtls009282912 |
| 003 |
SK-MaSNL |
| 005 |
20260301210711.0 |
| 008 |
251029s2007 xo odblf 100 0 slo |
| 015 |
|
|
|a SNBA2008/07-03865
|
| 020 |
|
|
|a 9788089162321 (brož.)
|
| 035 |
|
|
|a F773D178-98FE-414D-A11E-3F5D4EEA613F
|
| 035 |
|
|
|a urn:nbn:sk:snk-amky9u
|
| 035 |
|
|
|a urn:nbn:sk:snk-am008q9x
|
| 040 |
|
|
|a SNK
|b slo
|c SNK
|e AACR2
|
| 041 |
0 |
|
|a slo
|b eng
|b slo
|
| 044 |
|
|
|a xo
|c SK
|
| 072 |
|
7 |
|a 63
|x Poľnohospodárstvo a príbuzné oblasti vedy a techniky
|2 konspekt
|
| 080 |
|
|
|a 631
|2 2001
|
| 080 |
|
|
|a 630
|2 2001
|
| 080 |
|
|
|a 620.95
|2 2001
|
| 080 |
|
|
|a 620.92/.95
|2 2001
|
| 080 |
|
|
|a (048.8)
|2 2001
|
| 080 |
|
|
|a (062.534)
|2 2001
|
| 245 |
0 |
0 |
|a Predpoklady využívania poľnohospodárskej a lesníckej biomasy na energetické a biotechnické využitie
|b zborník referátov a diskusných príspevkov z vedeckej rozpravy XXXI. valného zhromaždenia členov Slovenskej akadémie pôdohospodárskych vied, konaného 5. decembra 2007 v Slovenskom centre poľnohospodárskeho výskumu v Nitre
|c [zostavovateľ zborníka: Richard Markovič]
|
| 250 |
|
|
|a [1. vyd.]
|
| 260 |
|
|
|a Nitra
|b Agentúra Slovenskej akadémie pôdohospodárstva
|c 2007
|
| 300 |
|
|
|a 122 s.
|b fotogr., grafy, mp., tab.
|c 21 cm
|
| 490 |
1 |
|
|a Zborník
|v č. 58
|
| 504 |
|
|
|a Bibliogr. odkazy
|
| 546 |
|
|
|a Res. angl. a slov.
|
| 650 |
0 |
7 |
|a poľnohospodárstvo
|2 SNKPH
|9 679
|
| 650 |
0 |
7 |
|a lesníctvo
|2 SNKPH
|9 1255
|
| 650 |
0 |
7 |
|a biomasa
|2 SNKPH
|9 4197
|
| 650 |
0 |
7 |
|a alternatívne energetické zdroje
|2 SNKPH
|9 3476
|
| 655 |
|
7 |
|a štúdie
|2 SNKPH
|9 57033
|
| 655 |
|
7 |
|a zborníky konferencií
|2 SNKPH
|9 70153
|
| 700 |
1 |
|
|a Markovič, Richard
|4 com
|9 475198
|
| 830 |
|
0 |
|a Zborník
|9 281250
|
| 919 |
|
|
|a 978-80-89162-32-1
|
| 958 |
|
|
|a NB
|
| 958 |
|
|
|a OND
|
| 968 |
|
|
|d 63
|
| 999 |
|
|
|c 914513
|d 916443
|
| 952 |
|
|
|a SNK
|b SNK
|y PREZ
|7 0
|p 17A0584741
|o snkSC 131484
|i snk2008/7788
|8 0
|0 0
|1 0
|4 0
|d 2008-04-07
|f 1
|l 0
|r 2025-06-23 00:00:00
|w 2026-02-24
|
| 952 |
|
|
|a SNK
|b SNK
|y VYP
|7 0
|p 17A0589131
|o snkSC 131484 D1
|i snk2008/10451
|8 0
|0 0
|1 0
|4 0
|d 2008-05-14
|l 0
|r 2026-02-24 07:55:31
|w 2026-02-24
|